000 00591nam a2200229Ia 4500
003 OSt
005 20220918194703.0
006 a|||||r|||| 00| 0
007 ta
008 220917b |||||||| |||| 00| 0 eng d
024 _a80,978
037 _cTextual
040 _aARTS
_cARTS
_beng
041 _2eng
_aeng
082 _aS:86b4, K2-;1
100 _aHirt Michael ed
_986368
245 0 _aRorschach science
_b readings in theory and method
260 _c1962
650 _aPSYCHOLOGY
942 _hS:86b4, K2-;1
_cTEXL
_2CC
999 _c204700
_d204700